[Event "DEN-chT 2324 61st"]
[Site "Denmark"]
[Date "2023.11.26"]
[Round "3.6"]
[White "Guindy, Esmat Susanne"]
[Black "Boe, Mads"]
[Result "0-1"]
[WhiteElo "2044"]
[BlackElo "2283"]
[PlyCount "80"]
[EventDate "2023.10.28"]
[EventType "team-tourn"]
[EventRounds "9"]
[EventCountry "DEN"]
[SourceTitle "CB11_2024"]
[SourceDate "2024.03.13"]
[SourceVersion "1"]
[SourceVersionDate "2024.03.13"]
[SourceQuality "1"]
[WhiteTeam "Fredericia"]
[BlackTeam "Skanderborg Nordea"]
[WhiteTeamCountry "DEN"]
[BlackTeamCountry "DEN"]

1. d4 d5 2. c4 c6 3. cxd5 cxd5 4. Nc3 Nf6 5. Nf3 Nc6 6. g3 Bf5 7. Bg2 e6 8. 0-0 h6 9. Qa4 Bd6 10. Ne5 Qb6 11. Qb5 0-0 12. Qxb6 axb6 13. Nf3 Rfc8 14. Bf4 Be7 15. h3 g5 16. Be3 Ne8 17. h4 f6 18. hxg5 hxg5 19. a3 Nd6 20. Rae1 b5 21. Bc1 Kf7 22. Rd1 Bc2 23. Rde1 Ra6 24. Be3 b4 25. axb4 Nxb4 26. Bh3 Rh8 27. Bg2 Bg6 28. Ra1 Rha8 29. Rxa6 Rxa6 30. Bc1 Nc6 31. Rd1 b5 32. Ne1 b4 33. Nxd5 exd5 34. Bxd5+ Kf8 35. f4 g4 36. Ng2 Bc2 37. Re1 Nxd4 38. Ne3 Be4 39. Kf1 Ra5 40. Bxe4 Nxe4 0-1

[Event "DEN-ch Blitz op"]
[Site "Avedore"]
[Date "2023.05.14"]
[Round "11"]
[White "Boe, Mads"]
[Black "Hoi, Carsten"]
[Result "1-0"]
[WhiteElo "2283"]
[BlackElo "2323"]
[PlyCount "103"]
[EventDate "2023.05.14"]
[EventType "swiss (blitz)"]
[EventRounds "13"]
[EventCountry "DEN"]
[SourceTitle "CBM 214 Extra"]
[Source "ChessBase"]
[SourceDate "2023.07.31"]
[SourceVersion "1"]
[SourceVersionDate "2023.07.31"]
[SourceQuality "1"]

1. d4 g6 2. Nf3 Bg7 3. c3 d6 4. Bg5 Nf6 5. Nbd2 0-0 6. e3 Nbd7 7. Bd3 e5 8. 0-0 h6 9. Bh4 Qe7 10. e4 g5 11. Bg3 Nh5 12. dxe5 dxe5 13. Nc4 Nf4 14. Ne3 Nc5 15. Bc2 Be6 16. b4 Rad8 17. Qe1 Ncd3 18. Bxd3 Nxd3 19. Qe2 Nf4 20. Qc2 Rd7 21. Rfd1 Rfd8 22. Rxd7 Rxd7 23. Rd1 c6 24. Rd2 Qd8 25. Rxd7 Qxd7 26. a3 a6 27. Ne1 h5 28. f3 g4 29. Bf2 Qd8 30. a4 Bh6 31. a5 Bg7 32. Nf1 h4 33. Qd2 Qxd2 34. Nxd2 gxf3 35. Ndxf3 Ne2+ 36. Kf1 Nxc3 37. Nxh4 Na2 38. Nc2 Bb3 39. Ne3 Nxb4 40. Nhf5 Bf8 41. Ng4 Bc4+ 42. Ke1 Nd3+ 43. Kd2 Nxf2 44. Nxf2 Be6 45. Kc3 Bxf5 46. exf5 f6 47. Ne4 Kf7 48. g4 Be7 49. Kc4 Bd8 50. Kb4 Be7+ 51. Kc4 Bd8 52. Nd6+ 1-0

[Event "DEN-ch Blitz op"]
[Site "Avedore"]
[Date "2023.05.14"]
[Round "4"]
[White "Boe, Mads"]
[Black "Lauridsen, Jesper Morch"]
[Result "0-1"]
[WhiteElo "2283"]
[BlackElo "2304"]
[PlyCount "56"]
[EventDate "2023.05.14"]
[EventType "swiss (blitz)"]
[EventRounds "13"]
[EventCountry "DEN"]
[SourceTitle "CBM 214 Extra"]
[Source "ChessBase"]
[SourceDate "2023.07.31"]
[SourceVersion "1"]
[SourceVersionDate "2023.07.31"]
[SourceQuality "1"]

1. d4 d5 2. Nf3 e6 3. c3 c5 4. Bf4 Bd6 5. Bg3 Nf6 6. e3 0-0 7. Bd3 b6 8. Nbd2 Bb7 9. Ne5 Nc6 10. f4 Ne7 11. 0-0 Nf5 12. Bf2 Be7 13. Qe2 Nd6 14. Bh4 Nfe4 15. Bxe7 Qxe7 16. a4 f6 17. Nef3 Rac8 18. a5 c4 19. Bc2 b5 20. Nxe4 dxe4 21. Nd2 e5 22. fxe5 fxe5 23. Qg4 exd4 24. exd4 e3 25. Nf3 e2 26. Rfe1 Qe3+ 27. Kh1 Rxf3 28. a6 Rcf8 0-1

[Event "DEN-ch Blitz op"]
[Site "Avedore"]
[Date "2023.05.14"]
[Round "8"]
[White "Boe, Mads"]
[Black "Nielsen, Viktor Haarmark"]
[Result "1-0"]
[WhiteElo "2283"]
[BlackElo "2328"]
[PlyCount "94"]
[EventDate "2023.05.14"]
[EventType "swiss (blitz)"]
[EventRounds "13"]
[EventCountry "DEN"]
[SourceTitle "CBM 214 Extra"]
[Source "ChessBase"]
[SourceDate "2023.07.31"]
[SourceVersion "1"]
[SourceVersionDate "2023.07.31"]
[SourceQuality "1"]

1. d4 Nf6 2. Nf3 d5 3. Bg5 e6 4. e3 Bd6 5. Bd3 Nbd7 6. c4 c6 7. Nc3 0-0 8. 0-0 h6 9. Bh4 Re8 10. e4 dxc4 11. Bxc4 e5 12. Re1 exd4 13. Qxd4 Ne5 14. Rad1 Nxf3+ 15. gxf3 Be7 16. Qxd8 Bxd8 17. e5 Nd5 18. Bxd8 Rxd8 19. Nxd5 cxd5 20. Bxd5 Be6 21. Bxb7 Rxd1 22. Rxd1 Rb8 23. Be4 Bxa2 24. f4 g6 25. Rd2 Rb4 26. f3 Be6 27. Kf2 a5 28. Kg3 Kg7 29. h4 h5 30. Rc2 a4 31. Rd2 Rb3 32. Rc2 a3 33. bxa3 Rxa3 34. Rd2 Ra4 35. Bd5 Bxd5 36. Rxd5 Ra1 37. Rd7 Rg1+ 38. Kf2 Rh1 39. e6 Kf8 40. Rxf7+ Ke8 41. Rf6 Rxh4 42. Ke3 Ke7 43. Rxg6 Rh1 44. Ke4 Re1+ 45. Kf5 h4 46. Rg7+ Ke8 47. Rh7 Rg1 1-0

[Event "DEN-ch Blitz op"]
[Site "Avedore"]
[Date "2023.05.14"]
[Round "6"]
[White "Boe, Mads"]
[Black "Thorsbro, Peter"]
[Result "0-1"]
[WhiteElo "2283"]
[BlackElo "2165"]
[PlyCount "195"]
[EventDate "2023.05.14"]
[EventType "swiss (blitz)"]
[EventRounds "13"]
[EventCountry "DEN"]
[SourceTitle "CBM 214 Extra"]
[Source "ChessBase"]
[SourceDate "2023.07.31"]
[SourceVersion "1"]
[SourceVersionDate "2023.07.31"]
[SourceQuality "1"]

1. d4 d5 2. Nf3 e6 3. Bf4 Bd6 4. Bg3 c5 5. c3 Qc7 6. e3 Nd7 7. Nbd2 Ngf6 8. Bd3 0-0 9. e4 dxe4 10. Nxe4 Nxe4 11. Bxe4 Nf6 12. Bc2 b6 13. Qe2 Bb7 14. Rd1 Rad8 15. 0-0 Bxg3 16. hxg3 Bxf3 17. gxf3 cxd4 18. cxd4 Rc8 19. Bb3 Rfd8 20. Qe5 h6 21. Rfe1 Nd5 22. f4 Qxe5 23. dxe5 Nb4 24. Kg2 Nd3 25. Re2 Nc5 26. Red2 Rxd2 27. Rxd2 Nxb3 28. axb3 Rc7 29. Kf3 g6 30. Ke4 Kf8 31. g4 Ke7 32. f3 Rc1 33. Ke3 Re1+ 34. Kf2 Rc1 35. Ke3 Re1+ 36. Kf2 Rh1 37. Ke3 Re1+ 38. Kd4 Kd7 39. b4 Rc1 40. Ke3+ Kc7 41. Kd3 b5 42. b3 Rf1 43. Ke3 Rb1 44. Rd3 Re1+ 45. Kf2 Rc1 46. Ke3 a6 47. Kf2 Rc2+ 48. Ke3 Rc1 49. Kd2 Rb1 50. Rc3+ Kd7 51. Rd3+ Kc7 52. Rc3+ Kd7 53. Rd3+ Ke7 54. Rc3 Kd7 55. Rd3+ Kc7 56. Rc3+ Kb7 57. Rd3 Kc7 58. Rc3+ Kd7 59. Rd3+ Ke7 60. Rc3 Rb2+ 61. Ke3 Kd7 62. Kd4 Rd2+ 63. Kc5 Rd5+ 64. Kb6 Rd4 65. Ka5 Rxf4 66. Rd3+ Ke7 67. Rc3 h5 68. gxh5 gxh5 69. Kxa6 Rxb4 70. Ka5 Rd4 71. Kxb5 Rd5+ 72. Kc6 Rxe5 73. b4 Re1 74. b5 Rb1 75. b6 h4 76. Rc4 h3 77. Rh4 Rc1+ 78. Kb7 Rh1 79. Kb8 h2 80. b7 Kf6 81. Rh8 Ke5 82. Kc8 Rc1+ 83. Kd8 Rb1 84. Kc8 Kf4 85. Rxh2 Kxf3 86. Rd2 f5 87. Kc7 e5 88. Rd6 Rxb7+ 89. Kxb7 e4 90. Kc6 e3 91. Re6 Kf2 92. Kd5 f4 93. Kd4 e2 94. Kd3 f3 95. Kd2 Kf1 96. Re3 Kf2 97. Rxf3+ Kxf3 98. Ke1 0-1

[Event "DEN-ch Blitz op"]
[Site "Avedore"]
[Date "2023.05.14"]
[Round "13"]
[White "Boe, Mads"]
[Black "Thybo, Jesper Sondergaard"]
[Result "1-0"]
[WhiteElo "2283"]
[BlackElo "2538"]
[PlyCount "99"]
[EventDate "2023.05.14"]
[EventType "swiss (blitz)"]
[EventRounds "13"]
[EventCountry "DEN"]
[SourceTitle "CBM 214 Extra"]
[Source "ChessBase"]
[SourceDate "2023.07.31"]
[SourceVersion "1"]
[SourceVersionDate "2023.07.31"]
[SourceQuality "1"]

1. d4 Nf6 2. Nf3 d5 3. Bf4 c5 4. c3 Qb6 5. Qb3 c4 6. Qc2 g6 7. Nbd2 Bf5 8. Qc1 Nc6 9. e3 Nh5 10. Be2 Nxf4 11. exf4 Bh6 12. g3 0-0 13. 0-0 Qc7 14. Bd1 b5 15. Bc2 Bh3 16. Re1 b4 17. Nf1 Bg4 18. Kg2 bxc3 19. bxc3 Bxf3+ 20. Kxf3 Qa5 21. Qd2 Rab8 22. Reb1 e5 23. dxe5 d4 24. Be4 Nxe5+ 25. Kg2 d3 26. Ne3 Rxb1 27. Rxb1 Nd7 28. Nxc4 Qa4 29. Qxd3 Nc5 30. Qd5 Nxe4 31. Qxe4 Qxa2 32. Rb7 Bg7 33. Nd6 a5 34. Ra7 Bf6 35. Ne8 Bxc3 36. Nd6 Bb4 37. Qxb4 Qd5+ 38. Qe4 Qxd6 39. Rxa5 Qf6 40. Re5 Kg7 41. Re8 Rxe8 42. Qxe8 h5 43. Qe5 h4 44. gxh4 Qxe5 45. fxe5 Kh6 46. Kg3 Kh5 47. f4 Kh6 48. Kg4 Kg7 49. Kg5 Kh7 50. h5 1-0

[Event "BL2-Nord 2223"]
[Site "Germany"]
[Date "2023.02.05"]
[Round "6.7"]
[White "Parvanyan, Alfred"]
[Black "Boe, Mads"]
[Result "0-1"]
[WhiteElo "2188"]
[BlackElo "2299"]
[PlyCount "120"]
[EventDate "2022.10.22"]
[EventType "team-tourn"]
[EventRounds "10"]
[EventCountry "GER"]
[SourceTitle "EXT 2024"]
[Source "ChessBase"]
[SourceDate "2023.10.10"]
[SourceVersion "1"]
[SourceVersionDate "2023.10.10"]
[SourceQuality "1"]
[WhiteTeam "Norderstedt"]
[BlackTeam "Kiel Turm II"]
[WhiteTeamCountry "GER"]
[BlackTeamCountry "GER"]

1. Nf3 d5 2. g3 Nf6 3. Bg2 c6 4. 0-0 Bg4 5. d4 Nbd7 6. Nbd2 e6 7. Re1 Be7 8. e4 dxe4 9. Nxe4 0-0 10. c3 Nxe4 11. Rxe4 Nf6 12. Re1 h6 13. Qb3 Qb6 14. Ne5 Bf5 15. Nc4 Qa6 16. Bf4 Nd5 17. Bd2 Nb6 18. Ne5 Qa4 19. Qxa4 Nxa4 20. g4 Bh7 21. b3 Nb6 22. a4 a5 23. Nc4 Nd5 24. Ra2 Rfd8 25. h3 Bg5 26. Bxg5 hxg5 27. Bxd5 cxd5 28. Ne5 Rac8 29. Re3 Be4 30. Nf3 f6 31. Nd2 Bg6 32. Rb2 Rd6 33. b4 axb4 34. Rxb4 b6 35. Nf1 Rdc6 36. Ng3 Bc2 37. Ne2 Ra8 38. f4 gxf4 39. Nxf4 Kf7 40. Rb2 Be4 41. Rb4 Bc2 42. Rb2 Bxa4 43. Rbe2 Rac8 44. Rxe6 Rxe6 45. Nxe6 g5 46. Ra2 Bd7 47. Nxg5+ fxg5 48. Ra7 Ke7 49. Ra3 Kd6 50. Kg2 Re8 51. Kf2 Bb5 52. Ra7 Re2+ 53. Kf3 Rc2 54. Rg7 Rxc3+ 55. Kg2 Bd3 56. Rxg5 Be4+ 57. Kh2 b5 58. Rg8 b4 59. Rb8 b3 60. h4 Rc4 0-1

[Event "Malmo op"]
[Site "Malmo"]
[Date "2022.12.17"]
[Round "6"]
[White "Boe, Mads"]
[Black "Baskin, Robert"]
[Result "0-1"]
[WhiteElo "2298"]
[BlackElo "2426"]
[PlyCount "90"]
[EventDate "2022.12.16"]
[EventType "swiss"]
[EventRounds "8"]
[EventCountry "SWE"]
[SourceTitle "CBM 211 Extra"]
[Source "ChessBase"]
[SourceDate "2023.01.31"]
[SourceVersion "1"]
[SourceVersionDate "2023.01.31"]
[SourceQuality "1"]

1. d4 Nf6 2. Nf3 d5 3. c4 e6 4. cxd5 exd5 5. Nc3 c6 6. Bg5 Be7 7. e3 Bf5 8. Bd3 Bxd3 9. Qxd3 Nbd7 10. 0-0 0-0 11. Qc2 a5 12. h3 Ne8 13. Bxe7 Qxe7 14. a4 Nd6 15. Ne2 g5 16. Nc1 Ne4 17. Nd3 Rae8 18. Rab1 f5 19. Nfe5 Nxe5 20. Nxe5 g4 21. f3 Ng3 22. Rf2 Qg5 23. fxg4 Qxe3 24. Qd2 Qxd2 25. Rxd2 fxg4 26. hxg4 Re6 27. Rf2 Ref6 28. Rxf6 Rxf6 29. Re1 Rf4 30. Re3 Rf1+ 31. Kh2 Ne4 32. Rb3 Nd6 33. Rf3 Rb1 34. b3 Ne4 35. Rd3 Rb2 36. Nf3 Nf2 37. Rd2 Nxg4+ 38. Kg3 Rxd2 39. Nxd2 Ne3 40. Kf4 Nxg2+ 41. Ke5 h5 42. Kd6 h4 43. Kc7 h3 44. Nf1 Ne3 45. Nh2 Nc2 0-1

[Event "Esbjerg 100 Years Weekend"]
[Site "Esbjerg"]
[Date "2022.10.21"]
[Round "2"]
[White "Thorsen, Adrian Stenstrop"]
[Black "Boe, Mads"]
[Result "0-1"]
[WhiteElo "1934"]
[BlackElo "2299"]
[PlyCount "102"]
[EventDate "2022.10.21"]
[EventType "swiss"]
[EventRounds "7"]
[EventCountry "DEN"]
[SourceTitle "EXT 2024"]
[Source "ChessBase"]
[SourceDate "2023.10.10"]
[SourceVersion "1"]
[SourceVersionDate "2023.10.10"]
[SourceQuality "1"]

1. d4 f5 2. Nc3 d5 3. Bf4 a6 4. e3 Nf6 5. Nf3 e6 6. Bd3 c5 7. dxc5 Bxc5 8. 0-0 Nc6 9. Ne2 Qe7 10. Ne5 0-0 11. c4 Nb4 12. a3 Nxd3 13. Nxd3 Ba7 14. cxd5 Nxd5 15. Be5 b5 16. Ndf4 Bb7 17. Nxd5 Bxd5 18. Nd4 Rac8 19. Rc1 Qb7 20. f3 Rfd8 21. Qe1 Bc4 22. Rf2 Qd5 23. f4 Qd7 24. Rd2 Bd5 25. Rcd1 Qf7 26. Qg3 Bxd4 27. Bxd4 Re8 28. Be5 Rc4 29. h3 Rec8 30. Qg5 h6 31. Qh4 Rc2 32. Kh2 Kh7 33. Qf2 R2c4 34. Rd4 R4c6 35. R4d2 a5 36. Bc3 Qa7 37. Qg3 R8c7 38. Qh4 Rb7 39. Qg3 b4 40. axb4 axb4 41. Bd4 Qb8 42. Qh4 Qe8 43. Be5 b3 44. g4 Rc2 45. g5 Qg6 46. Bc3 Rc7 47. Bd4 Be4 48. Qg3 Qh5 49. Qg1 Qf3 50. gxh6 gxh6 51. Rxc2 Rxc2+ 0-1

[Event "Fredericia IM"]
[Site "Fredericia"]
[Date "2022.05.29"]
[Round "9"]
[White "Boe, Mads"]
[Black "Easwaralingam, Adesh"]
[Result "1/2-1/2"]
[WhiteElo "2293"]
[BlackElo "2116"]
[PlyCount "62"]
[EventDate "2022.05.25"]
[EventType "tourn"]
[EventRounds "9"]
[EventCountry "DEN"]
[EventCategory "2"]
[SourceTitle "CBM 208 Extra"]
[Source "ChessBase"]
[SourceDate "2022.07.31"]
[SourceVersion "1"]
[SourceVersionDate "2022.07.31"]
[SourceQuality "1"]

1. d4 Nf6 2. Nf3 d5 3. c4 e6 4. cxd5 exd5 5. Nc3 c6 6. Bg5 h6 7. Bh4 Bf5 8. Qb3 g5 9. Bg3 Qb6 10. e3 Nbd7 11. Be2 Nh5 12. Nd2 Nxg3 13. hxg3 0-0-0 14. Rc1 Kb8 15. Bd1 Re8 16. Kf1 Bg6 17. Qxb6 axb6 18. Bc2 Bxc2 19. Rxc2 f5 20. Nf3 Bd6 21. a4 Nf6 22. Ke2 Ng4 23. Nh2 Nf6 24. Nf3 Rh7 25. Rcc1 Rhh8 26. Rc2 Kc8 27. Rcc1 Kd7 28. b3 Rh7 29. Rc2 Rhh8 30. Rcc1 Ng4 31. Nh2 Nf6 1/2-1/2

[Event "Titled Tuesday intern op 03rd May Early"]
[Site "Chess.com INT"]
[Date "2022.05.03"]
[Round "1"]
[White "Boe, Mads"]
[Black "Safarli, Eltaj"]
[Result "1/2-1/2"]
[WhiteElo "2293"]
[BlackElo "2600"]
[PlyCount "298"]
[EventDate "2022.05.03"]
[EventType "swiss (blitz)"]
[EventRounds "11"]
[EventCountry "USA"]
[SourceTitle "CBM 208 Extra"]
[Source "ChessBase"]
[SourceDate "2022.07.31"]
[SourceVersion "1"]
[SourceVersionDate "2022.07.31"]
[SourceQuality "1"]

1. e4 e5 2. Nf3 Nc6 3. d4 exd4 4. Nxd4 Bc5 5. Be3 Qf6 6. c3 Nge7 7. Bc4 0-0 8. 0-0 d6 9. Nxc6 Nxc6 10. Bxc5 dxc5 11. f4 Be6 12. Bb5 Rad8 13. Qe2 Na5 14. Nd2 a6 15. Ba4 c4 16. Bc2 Bg4 17. Qe3 Qb6 18. Qxb6 cxb6 19. Rf2 b5 20. h3 Bc8 21. Nf3 Nc6 22. Rd1 f6 23. Rfd2 Rxd2 24. Rxd2 Re8 25. Kf2 Kf7 26. Nd4 Nxd4 27. Rxd4 Ke7 28. Kf3 Be6 29. Rd2 Rc8 30. Ke3 b4 31. Rd4 bxc3 32. bxc3 Rc5 33. Bd1 Ra5 34. a4 b5 35. axb5 axb5 36. Rd2 Ra1 37. Kd4 Kd6 38. e5+ fxe5+ 39. fxe5+ Ke7 40. Bf3 Ra3 41. Rb2 Rb3 42. Ra2 b4 43. Ra7+ Kf8 44. Ra8+ Kf7 45. Ra7+ Kg6 46. Be4+ Bf5 47. Ra6+ Kg5 48. Bxf5 Kxf5 49. e6 Kf6 50. Ra7 Rxc3 51. e7 Kf7 52. Rb7 Rg3 53. Kxc4 Rxg2 54. Kd5 Rd2+ 55. Ke5 Rd3 56. h4 b3 57. h5 Rh3 58. Kd6 Rd3+ 59. Ke5 b2 60. Rxb2 Re3+ 61. Kf5 Rxe7 62. Rg2 Ra7 63. Kg5 Ra5+ 64. Kh4 Rf5 65. Rg3 Kf6 66. Rg2 Rf4+ 67. Kh3 Ra4 68. Rg1 Ra5 69. Kh4 Ra2 70. Rg3 Rh2+ 71. Kg4 Rh1 72. Rf3+ Ke6 73. Re3+ Kf7 74. Rf3+ Kg8 75. Re3 Rg1+ 76. Kh4 Kf7 77. Rf3+ Ke6 78. Rf8 Ke5 79. Rf7 h6 80. Rf2 Rg5 81. Rf1 Rf5 82. Re1+ Kf6 83. Rg1 Rf4+ 84. Kh3 Rf3+ 85. Kh4 Rf5 86. Rg2 Re5 87. Rf2+ Ke6 88. Rg2 Re4+ 89. Kh3 Kf7 90. Rf2+ Kg8 91. Rg2 Re5 92. Kh4 Re6 93. Rg3 Ra6 94. Rg2 Ra1 95. Kg4 Rf1 96. Rg3 Kf7 97. Kh4 Kf6 98. Kg4 Rh1 99. Rf3+ Ke5 100. Re3+ Kd4 101. Re7 Rg1+ 102. Kh4 Rg5 103. Re8 Kd3 104. Re7 Kd4 105. Re8 Kd5 106. Re7 Kd6 107. Re1 Re5 108. Rg1 Re4+ 109. Kh3 Re7 110. Kh4 Ke6 111. Re1+ Kf6 112. Rf1+ Ke5 113. Re1+ Kd6 114. Rd1+ Kc7 115. Rc1+ Kd8 116. Rd1+ Ke8 117. Rf1 Re4+ 118. Kh3 Ke7 119. Rf2 Ke6 120. Rf1 Rd4 121. Rf2 Rd5 122. Kh4 Rf5 123. Re2+ Kf6 124. Rg2 Rf4+ 125. Kh3 Re4 126. Rg1 Re3+ 127. Kh4 g5+ 128. hxg6 Kg7 129. Kh5 Re4 130. Rg2 Rf4 131. Rg1 Rf2 132. Rg3 Rh2+ 133. Kg4 Kxg6 134. Kf4+ Kf6 135. Kg4 h5+ 136. Kf4 Rf2+ 137. Rf3 Rg2 138. Rg3 Ra2 139. Rf3 Ra4+ 140. Kg3+ Kg5 141. Kh3 Rh4+ 142. Kg2 Rg4+ 143. Rg3 Kf4 144. Rxg4+ hxg4 145. Kf2 g3+ 146. Kg2 Kg4 147. Kg1 Kh3 148. Kh1 g2+ 149. Kg1 Kg3 1/2-1/2

[Event "DEN-ch blitz Final Gr-2"]
[Site "Svendborg"]
[Date "2022.04.15"]
[Round "4"]
[White "Hansen, Mads"]
[Black "Boe, Mads"]
[Result "0-1"]
[WhiteElo "2307"]
[BlackElo "2293"]
[PlyCount "112"]
[EventDate "2022.04.15"]
[EventType "tourn (blitz)"]
[EventRounds "7"]
[EventCountry "DEN"]
[SourceTitle "EXT 2024"]
[Source "ChessBase"]
[SourceDate "2023.10.10"]
[SourceVersion "1"]
[SourceVersionDate "2023.10.10"]
[SourceQuality "1"]

1. e4 c6 2. Nc3 d5 3. Nf3 Bg4 4. h3 Bxf3 5. Qxf3 e6 6. d3 Nf6 7. a3 Bd6 8. g3 Nbd7 9. Bg2 0-0 10. 0-0 b5 11. d4 Be7 12. exd5 exd5 13. Be3 Bd6 14. h4 Qc7 15. h5 Rfe8 16. Bh3 a5 17. Ne2 Ne4 18. Nc1 h6 19. Nd3 Ndf6 20. Kg2 Re7 21. a4 b4 22. Bf5 Rae8 23. Rfe1 Nh7 24. Bf4 Bxf4 25. Qxf4 Qxf4 26. Nxf4 Nhf6 27. Nd3 Nd6 28. Rxe7 Rxe7 29. Bh3 Nxh5 30. Ne5 Rc7 31. Re1 Nf6 32. Nd3 Kf8 33. Nc5 Nb7 34. Na6 Re7 35. Re5 Nd7 36. Bxd7 Rxd7 37. Kf3 Re7 38. Nb8 Rxe5 39. Nd7+ Ke7 40. Nxe5 Nd8 41. Ke3 f6 42. Nd3 Kd6 43. Nc5 Ke7 44. Kf4 Ne6+ 45. Ke3 Nxc5 46. dxc5 f5 47. Kd4 Ke6 48. c3 bxc3 49. Kxc3 g5 50. b4 axb4+ 51. Kxb4 Kd7 52. Kc3 h5 53. Kd4 h4 54. gxh4 gxh4 55. Ke3 h3 56. Kf3 d4 0-1

[Event "Oberliga Nord N 2122"]
[Site "Germany"]
[Date "2022.03.20"]
[Round "7.3"]
[White "Reichmann, Hendrik"]
[Black "Boe, Mads"]
[Result "1/2-1/2"]
[WhiteElo "2332"]
[BlackElo "2300"]
[PlyCount "41"]
[EventDate "2021.10.31"]
[EventType "team-tourn"]
[EventRounds "9"]
[EventCountry "GER"]
[SourceTitle "EXT 2023"]
[Source "ChessBase"]
[SourceDate "2022.10.05"]
[SourceVersion "1"]
[SourceVersionDate "2022.10.05"]
[SourceQuality "1"]
[WhiteTeam "Schwerin"]
[BlackTeam "Kiel Turm II"]
[WhiteTeamCountry "GER"]
[BlackTeamCountry "GER"]

1. d4 d5 2. Nf3 Nf6 3. e3 Bf5 4. c4 c6 5. Nc3 e6 6. Bd3 Bg6 7. Ne5 Bxd3 8. Qxd3 Nbd7 9. f4 Be7 10. 0-0 0-0 11. c5 Nxe5 12. fxe5 Nd7 13. b4 f6 14. exf6 Bxf6 15. Bb2 e5 16. Ne2 exd4 17. exd4 Qe7 18. Ng3 g6 19. Rae1 Qg7 20. Ne2 Rfe8 21. Nf4 1/2-1/2

[Event "Oberliga Nord N 2122"]
[Site "Germany"]
[Date "2022.03.06"]
[Round "6.4"]
[White "Gottuk, Stefan"]
[Black "Boe, Mads"]
[Result "0-1"]
[WhiteElo "2154"]
[BlackElo "2300"]
[PlyCount "90"]
[EventDate "2021.10.31"]
[EventType "team-tourn"]
[EventRounds "9"]
[EventCountry "GER"]
[SourceTitle "EXT 2023"]
[Source "ChessBase"]
[SourceDate "2022.10.05"]
[SourceVersion "1"]
[SourceVersionDate "2022.10.05"]
[SourceQuality "1"]
[WhiteTeam "Hamburg Diogenes"]
[BlackTeam "Kiel Turm II"]
[WhiteTeamCountry "GER"]
[BlackTeamCountry "GER"]

1. e4 c6 2. Nf3 d5 3. exd5 cxd5 4. Ne5 Nc6 5. d4 Nf6 6. Bb5 Bd7 7. Nxd7 Qxd7 8. c3 e6 9. Bf4 a6 10. Bd3 Bd6 11. Bxd6 Qxd6 12. 0-0 0-0 13. Nd2 b5 14. Qe2 b4 15. Nb3 a5 16. a4 Rfc8 17. Rfc1 bxc3 18. bxc3 Nb8 19. f3 Nbd7 20. Bb5 Nb6 21. g3 Nfd7 22. Kg2 g6 23. Qd3 Nc4 24. Qe2 Qc7 25. Bxd7 Qxd7 26. Nc5 Qd6 27. Rab1 Rab8 28. Qa2 e5 29. Rxb8 Rxb8 30. Rb1 exd4 31. cxd4 Re8 32. Qf2 Qf6 33. Re1 Rxe1 34. Qxe1 Qxd4 35. Qe8+ Kg7 36. Nd7 Qd2+ 37. Kh3 Qh6+ 38. Kg2 Qd2+ 39. Kh3 Qb4 40. Ne5 Qf8 41. Qd7 Nxe5 42. Qxd5 Qc8+ 43. g4 Qc3 44. Kg3 g5 45. Qe4 Ng6 0-1

[Event "Aarhus-chB"]
[Site "Aarhus"]
[Date "2022.02.12"]
[Round "4"]
[White "Loftgaard, Mikkel Vinh"]
[Black "Boe, Mads"]
[Result "0-1"]
[WhiteElo "2121"]
[BlackElo "2261"]
[PlyCount "140"]
[EventDate "2022.02.10"]
[EventType "tourn"]
[EventRounds "5"]
[EventCountry "DEN"]
[SourceTitle "EXT 2024"]
[Source "ChessBase"]
[SourceDate "2023.10.10"]
[SourceVersion "1"]
[SourceVersionDate "2023.10.10"]
[SourceQuality "1"]

1. e4 e5 2. Nf3 d6 3. d4 Nf6 4. Nc3 Nbd7 5. Bc4 Be7 6. 0-0 0-0 7. Re1 c6 8. h3 b5 9. Bb3 a6 10. a3 Bb7 11. Ba2 Qc7 12. Bg5 c5 13. dxe5 dxe5 14. Bd5 Rad8 15. Qe2 Bc8 16. Rad1 Nb6 17. Ba2 c4 18. Bxf6 Bxf6 19. Nd5 Nxd5 20. exd5 e4 21. Qxe4 Bxb2 22. a4 g6 23. axb5 axb5 24. Qe3 Bg7 25. Qd2 Rd6 26. Qb4 Bd7 27. Ng5 Ra6 28. Bb1 Ra4 29. Qe7 Qd8 30. d6 Bf6 31. Qxd8 Rxd8 32. Ne4 Kg7 33. Nc5 Ra1 34. Re7 Bxe7 35. dxe7 Re8 36. Nxd7 Rxe7 37. Nc5 Re5 38. Nd7 Re7 39. Nc5 b4 40. Kf1 Ra5 41. Nd7 Ra1 42. Nb6 Rc7 43. c3 b3 44. Ke2 Rc6 45. Nd5 Rd6 46. Be4 b2 47. Bb1 Rxd5 48. Rxd5 Rxb1 49. Rb5 Kf6 50. g3 Ke6 51. h4 h5 52. Rb6+ Kf5 53. Rb4 f6 54. Kf3 g5 55. Rb5+ Ke6 56. Ke2 g4 57. Rb6+ Kd5 58. Rb5+ Ke4 59. Rb4 Rc1 60. Rxb2 Rxc3 61. Rb6 Rc2+ 62. Ke1 f5 63. Re6+ Kf3 64. Rf6 Re2+ 65. Kd1 Re5 66. Rh6 Kxf2 67. Rxh5 Kxg3 68. Rh8 f4 69. h5 f3 70. h6 f2 0-1

[Event "Aarhus-chB"]
[Site "Aarhus"]
[Date "2022.02.11"]
[Round "2"]
[White "Boe, Mads"]
[Black "Pedersen, Gunnar"]
[Result "1/2-1/2"]
[WhiteElo "2261"]
[BlackElo "2196"]
[PlyCount "23"]
[EventDate "2022.02.10"]
[EventType "tourn"]
[EventRounds "5"]
[EventCountry "DEN"]
[SourceTitle "EXT 2024"]
[Source "ChessBase"]
[SourceDate "2023.10.10"]
[SourceVersion "1"]
[SourceVersionDate "2023.10.10"]
[SourceQuality "1"]

1. e4 c5 2. c3 Nf6 3. e5 Nd5 4. d4 cxd4 5. Nf3 e6 6. cxd4 b6 7. Bd3 Bb7 8. 0-0 d6 9. a3 Nd7 10. Qe2 Be7 11. Bd2 dxe5 12. Nxe5 1/2-1/2

[Event "Oberliga Nord N 2122"]
[Site "Germany"]
[Date "2021.11.20"]
[Round "3.2"]
[White "Boe, Mads"]
[Black "Zimmermann, Julian"]
[Result "0-1"]
[WhiteElo "2267"]
[BlackElo "2287"]
[PlyCount "76"]
[EventDate "2021.10.31"]
[EventType "team-tourn"]
[EventRounds "9"]
[EventCountry "GER"]
[SourceTitle "EXT 2023"]
[Source "ChessBase"]
[SourceDate "2022.10.05"]
[SourceVersion "1"]
[SourceVersionDate "2022.10.05"]
[SourceQuality "1"]
[WhiteTeam "Kiel Turm II"]
[BlackTeam "Hamburg Koenigsspringer"]
[WhiteTeamCountry "GER"]
[BlackTeamCountry "GER"]

1. d4 Nf6 2. Nf3 e6 3. Bf4 c5 4. c3 Nc6 5. e3 d5 6. Nbd2 Be7 7. h3 Bd6 8. Ne5 0-0 9. Ndf3 cxd4 10. exd4 Nh5 11. Bh2 f6 12. Nd3 Qc7 13. Bxd6 Qxd6 14. Nh2 g6 15. Be2 Ng7 16. 0-0 e5 17. dxe5 fxe5 18. Qd2 h5 19. Rad1 Be6 20. Qe3 d4 21. cxd4 exd4 22. Qg5 Bxa2 23. Qb5 a6 24. Qc5 Rad8 25. Qxd6 Rxd6 26. Nc5 Ne6 27. Nxb7 Rd7 28. Ra1 Bd5 29. Na5 Ne5 30. Rfd1 Bxg2 31. Kxg2 Nf4+ 32. Kf1 Nxh3 33. f3 d3 34. Bxd3 Rxd3 35. Rxd3 Nxd3 36. Nc4 Nhf4 37. Rxa6 Re8 38. Kg1 Re2 0-1